<?xml version="1.0" encoding="UTF-8"?><?xml-stylesheet type="text/xsl" href="static/style.xsl"?><OAI-PMH xmlns="http://www.openarchives.org/OAI/2.0/" xmlns:xsi="http://www.w3.org/2001/XMLSchema-instance" xsi:schemaLocation="http://www.openarchives.org/OAI/2.0/ http://www.openarchives.org/OAI/2.0/OAI-PMH.xsd"><responseDate>2026-06-01T22:07:04Z</responseDate><request verb="GetRecord" identifier="oai:riuma.uma.es:10630/23768" metadataPrefix="marc">https://riuma.uma.es/rest/oai/request</request><GetRecord><record><header><identifier>oai:riuma.uma.es:10630/23768</identifier><datestamp>2026-02-03T11:57:38Z</datestamp><setSpec>com_10630_2254</setSpec><setSpec>col_10630_37959</setSpec></header><metadata><record xmlns="http://www.loc.gov/MARC21/slim" xmlns:dcterms="http://purl.org/dc/terms/" xmlns:doc="http://www.lyncode.com/xoai" xmlns:xsi="http://www.w3.org/2001/XMLSchema-instance" xsi:schemaLocation="http://www.loc.gov/MARC21/slim http://www.loc.gov/standards/marcxml/schema/MARC21slim.xsd">
   <leader>00925njm 22002777a 4500</leader>
   <datafield ind2=" " ind1=" " tag="042">
      <subfield code="a">dc</subfield>
   </datafield>
   <datafield ind2=" " ind1=" " tag="720">
      <subfield code="a">Fernández-Díaz, Elena</subfield>
      <subfield code="e">author</subfield>
   </datafield>
   <datafield ind2=" " ind1=" " tag="720">
      <subfield code="a">Jambrino-Maldonado, Carmen</subfield>
      <subfield code="e">author</subfield>
   </datafield>
   <datafield ind2=" " ind1=" " tag="720">
      <subfield code="a">Iglesias-Sánchez, Patricia Pilar</subfield>
      <subfield code="e">author</subfield>
   </datafield>
   <datafield ind2=" " ind1=" " tag="260">
      <subfield code="c">2022</subfield>
   </datafield>
   <datafield ind2=" " ind1=" " tag="520">
      <subfield code="a">El concepto de “smart city” tiene un significado amplio que no solo se asocia al área tecnológica, sino que también engloba a personas y comunidades. Dentro de la industria turística,   un destino inteligente implica que tanto los ciudadanos como los visitantes se beneficien de unos servicios que mejoran su calidad de vida. En 2020, la Comisión  Europea reconocía a las ciudades europeas con prácticas turísticas inovadoras, accesibles y sostenibles. El concepto “turismo para todos” cobra especial relevancia, asociado al hecho de que todas las personas, independientemente de su discapacidad o su edad, puedan acceder al contenido que se les ofrece.  Este estudio tiene como objetivo analizar en qué medida  el conjunto  ciudades reconocidas  cumplen con la accesibilidad digital. Los resultados muestran que el nivel de cumplimiento de la accesibilidad web de estas ciudades inteligentes europeas podría calificarse bajo en relación a los estandares  requeridos por la comunidad internacional.</subfield>
   </datafield>
   <datafield ind1="8" ind2=" " tag="024">
      <subfield code="a">https://hdl.handle.net/10630/23768</subfield>
   </datafield>
   <datafield tag="653" ind2=" " ind1=" ">
      <subfield code="a">Turismo</subfield>
   </datafield>
   <datafield ind2="0" ind1="0" tag="245">
      <subfield code="a">Explorando la accesibilidad digital de las smart cities en Europa como  destino turístico inteligente. ¿comunicación para todos?</subfield>
   </datafield>
</record>
</metadata></record></GetRecord></OAI-PMH>